000 005380000a22001810004500
003 MACL
005 20160405153756.0
008 160405b xxu||||| |||| 00| 0 eng d
040 _aMACL
_cMACL
041 _aHindi
082 _a403
100 _aडॉ महेशानन्‍द
_950606
245 _aआधुनिक हिन्‍दी वाक्‍य रचना
260 _aदिल्‍ली
_bअंकुर प्रकाशन
_c2010
350 _a300
650 _aGrammar
_950608
942 _cHIN
_k403
_2ddc
999 _c47287
_d47287